MARC

LEADER 00000nam0a2200000 4500
001 363902
005 20231102011632.0
035 |a (RuTPU)RU\TPU\retro\21251 
090 |a 363902 
100 |a 20211014d1980 km y0rusy50 ca 
101 0 |a rus 
102 |a RU 
105 |a a g 001zy 
200 1 |a Справочник молодого кузнеца-шамповщика  |f В. А. Массен, В. Л. Раскинд 
210 |a Москва  |c Высшая школа  |d 1980 
215 |a 256 с.  |c ил. 
225 1 |a Профтехобразование. Кузнечно-штамповочное производство 
320 |a Библиогр.: с. 253 
606 1 |a Кузнечно-штамповочное производство  |2 stltpush  |3 (RuTPU)RU\TPU\subj\16645  |9 42597 
610 1 |a справочники 
610 1 |a исходные материалы 
610 1 |a металлы 
610 1 |a заготовки 
610 1 |a нагревательные печи 
610 1 |a термический режим 
610 1 |a оборудование 
610 1 |a ковка 
610 1 |a горячая объемная штамповка 
610 1 |a поковки 
610 1 |a брак 
610 1 |a контроль 
610 1 |a технико-экономические показатели 
675 |a 621.735(035)  |v 4 
700 1 |a Массен  |b В. А.  |g Всеволод Александрович 
701 1 |a Раскинд  |b В. Л.  |g Вениамин Львович 
801 1 |a RU  |b 63413507  |c 20211014 
942 |c BK